|
|
|
|
| LEADER |
01213nam a2200325 i 4500 |
| 001 |
c000351751 |
| 003 |
CARM |
| 005 |
00000000000000.0 |
| 008 |
750714s1975 gw j b 00010 eng |
| 010 |
|
|
|a 75509252 //r97
|
| 015 |
|
|
|a GFR75-A
|
| 019 |
1 |
|
|a 295083
|z 45285816
|z 55262406
|5 LACONCORD2021
|
| 020 |
|
|
|c DM48.00
|
| 035 |
|
|
|a (OCoLC)3052453
|5 LACONCORD2021
|
| 041 |
0 |
|
|a engfre
|
| 050 |
0 |
0 |
|a P25
|b .I53 Bd. 15
|a P291
|
| 082 |
0 |
0 |
|a 410/.8 s
|a 415
|
| 100 |
1 |
|
|a Martinet, André.
|
| 245 |
1 |
0 |
|a Studies in functional syntax =
|b Études de syntaxe fonctionnelle /
|c André Martinet.
|
| 260 |
|
|
|a München :
|b Fink,
|c 1975.
|
| 300 |
|
|
|a 275 p. ;
|c 21 cm.
|
| 490 |
0 |
|
|a Internationale Bibliothek für allgmeine Linguistik ; Bd.
|v 15
|
| 500 |
|
|
|a English or French.
|
| 504 |
|
|
|a Includes bibliographical references.
|
| 650 |
|
0 |
|a Grammar, Comparative and general
|x Syntax.
|
| 650 |
|
0 |
|a Linguistic analysis (Linguistics)
|
| 740 |
|
|
|a Études de syntaxe fonctionnelle.
|
| 852 |
8 |
|
|b CARM
|h A1:AM04F0
|i B09201
|p 0424833
|f BK
|
| 999 |
f |
f |
|i b0fbf2d3-9095-53ed-9e80-9aeef3dd1422
|s 64f0b590-1255-53d5-801d-8e7e455e8316
|
| 952 |
f |
f |
|p Can circulate
|a CAVAL
|b CAVAL
|c CAVAL
|d CARM 1 Store
|e B09201
|f A1:AM04F0
|h Other scheme
|i book
|m 0424833
|